ロード中...

Trends in language teaching.

書誌詳細
第一著者: Valdman, Albert
フォーマット: Printed Book
言語:English
出版事項: New York, McGraw-Hill [1966]
主題:
LEADER 00877cam a22002291 4500
008 720522s1966 nyua b 000 0 eng
010 |a  65028831  
015 |a GB67-4786 
035 |a (OCoLC)313328 
042 |a premarc 
082 |a 407 VAL/T 
100 1 |a Valdman, Albert, 
245 1 0 |a Trends in language teaching. 
260 |a New York,  |b McGraw-Hill  |c [1966] 
300 |a xxii, 298 p.  |b illus.  |c 24 cm. 
504 |a Includes bibliographies. 
650 0 |a Languages, Modern  |x Study and teaching. 
906 |a 7  |b cbc  |c oclcrpl  |d u  |e ncip  |f 19  |g y-gencatlg 
942 |c BK 
999 |c 193602  |d 193602 
952 |0 0  |1 0  |4 0  |6 407_000000000000000_VAL_T  |7 0  |9 213748  |a ENG  |b ENG  |c ST1  |d 2017-03-08  |i 825  |l 0  |o 407 VAL/T  |p ENG825  |r 2017-03-08  |w 2018-08-21  |y BK 
952 |0 0  |1 0  |4 0  |6 407_000000000000000_VAL_T  |7 0  |9 213749  |a ENG  |b ENG  |c ST1  |d 2016-06-30  |i 6158  |l 0  |o 407 VAL/T  |p ENG6158  |r 2016-06-30  |w 2016-06-30  |y BK